000 01115nam a2200277Ia 4500
003 OSt
005 20221005110344.0
006 a|||||r|||| 00| 0
007 ta
008 221004b |||||||| |||| 00| 0 hin d
020 _a9788170162551 (pbk)
_cIndian Rupees 90
024 _a70628
037 _bGift, 05/12/2021,
_cTextual
040 _aCRL
_cCRL
_bhin
041 _2hin
_ahin
082 _aO152,1N267x, Q5
100 _aबिहारी, अटल बिहारी, ले.
_9624104
245 0 _aअटल बिहारी वाजपेयी
_b मेरी इक्यावन कविताएॅं
246 _aAṭal bihārī vājapeyī: merī ikyāvan kavitāeॅan
260 _aनई दिल्ली
_bकिताबघर प्रकाशन भारत
_c2015
300 _a168पृ0
_ccm.
650 _a हिन्दी साहित्य
650 _aहिन्दी कविता
942 _hO152,1N267x, Q5
_cTEXL
_2cc
999 _c1018564
_d1018564